000 00484nam a2200181Ia 4500
005 20250508151649.0
008 008 250505s9999 xx 000 0 eng d
037 _aTextual
040 _aFEDL
_beng
_cFEDL
041 _aeng
_2eng
084 _a658, SLA
_qFEDL
100 _aSladen E
_9342856
245 0 _aBusiness world
260 _aLondon, UK
_bSir Isaac Pitman and Sons, Ltd
_c1955
300 _aix,173p.
942 _cTEXL
_h658, SLA
999 _c1331241
_d1331241